Can you name every country the US had Involvement in regime change? - Statistics

General Stats
  • This quiz has been taken 22 times
  • The average score is 50 of 81
Answer Stats
Hint Country % Correct
CIA backed coup to intervene in a election that helped get Fulgencio Batista in power. Cuba
94%
CIA's many failed assassination attempts on Fidel Castro. Cuba
94%
US caused oil shortage with the aim to remove the current government. Cuba
94%
The Overthrow of Maximilian I in support of Benito Juarez. Mexico
94%
US spending $14.6 Million to try and prevent Salvador Allende from winning any election. Chile
88%
The invasion of U.S Marines caused President Juan Isidro Jimenes to resign. Dominican Republic
88%
Assassination of Rafael Trujillo with weapons supplied by the CIA. Dominican Republic
88%
Occupation and "Denazification". Germany
88%
The Overthrow of José Santos Zelaya. Nicaragua
88%
US backing of Contras to Overthrow the FSLN. Nicaragua
88%
Supposed US backed failed coup of Hugo Chavez. Venezuela
88%
CIA backed covert operation to capture Nicolás Maduro. Venezuela
88%
Guerrilla warfare against U.S occupation in the "Caco Wars" Haiti
82%
Supposed CIA backing of the Overthrow of Jean-Bertrand Aristide. Haiti
82%
US led force to Overthrow the right-wing junta in power. Haiti
82%
Alleged US trained rebels that forced Jean-Bertrand Aristide to resign. Haiti
82%
The many overthrows of leaders in the "Banana Wars" Honduras
82%
Center for Hemispheric Defense Studies backed covert coup against Manuel Zelaya. Honduras
82%
CIA led coup to Overthrow Mohammad Mosaddegh. Iran
82%
US backed major attack which killed Ali Khamenei Iran
82%
CIA backing of Gamal Abdel Nasser to prevent a 'communist takeover' Iraq
82%
CIA backed coup to Overthrow Abd al-Karim Qasim. Iraq
82%
CIA funded radio station that asked the people to rise up against Saddam Hussein. Iraq
82%
CIA launched DBACHILLES a coup to try and Overthrow Saddam Hussein. Iraq
82%
US capture of Saddam Hussein. Iraq
82%
US invasion which captured Manuel Noriega. Panama
82%
US government support coup to Overthrow Isabel Perón. Argentina
76%
US Backed National Liberation Army. Costa Rica
76%
Supposed CIA and Theodore Roosevelt led a coup to overthrow the Muhammad Ali Dynasty. Egypt
76%
Harry Truman and CIA led coup to Overthrow Jacobo Árbenz. Guatemala
76%
The Overthrow of Benito Mussolini. Italy
76%
Occupied after WW2 by Douglas MacArthur. Japan
76%
Supposed CIA led coup to Overthrow Shukri al-Quwatli. Syria
76%
Failed CIA led coup to Overthrow Sabri al-Asali. Syria
76%
Failed CIA led coup to assassinate key senior officials and stage the incidents. Syria
76%
US State Department funding opposition leaders like Barada TV which was ultimately denied by the channel. Syria
76%
US Department of Defense backed funding of Kurdish rebels. Syria
76%
The US sent its Navy to support a coup to overthrow João Goulart and back the military dictatorship. Brazil
71%
US government provided weapons and funding for warlords and jihadi guerrillas. Afghanistan
65%
US invasion after 9-11. Afghanistan
65%
Failed CIA led coup to Overthrow Norodom Sihanouk. Cambodia
65%
CIA backed covert political campaign against Cheddi Jagan. Guyana
65%
Failed CIA led coup to Overthrow Sukarno. Indonesia
65%
Failed CIA assassination attempt again of Sukarno. Indonesia
65%
CIA backed coup to Overthrow Souvanna Phouma. Laos
65%
Operation Odyssey Dawn. Libya
65%
The Overthrow of the "Puppet Regime" controlled by Japan. Philippines
65%
Polar Bear Expedition. Russia
65%
US backed wave of assassinations against the Islamic Courts Union. Somalia
65%
US Government supported coup to Overthrow Juan José Torres. Bolivia
59%
Alleged US coup to Overthrow Evo Morales. Bolivia
59%
CIA assisted Opium and weapon trading. Burma
59%
US supported resistance groups against The Derg. Ethiopia
59%
Operation Goodwood and Operation Cobra. France
59%
US backed Overthrow of Hudson Austin during Operation Urgent Fury. Grenada
59%
US Backed President Syngman Rhee. South Korea
59%
CIA support of the UNITA and FLNA during civil war. Angola
53%
Restoration of the Kingdom after the British couldn't afford to help. Greece
53%
CIA transferred a total of $10 Million to the Solidarity trade union. Poland
53%
US backed anti-communist movements to promote the collapse. Soviet Union
53%
Failure by the US and the UK to recruit anti-communists to infiltrate their own country. Albania
47%
Alleged CIA involvement of dismissal against Gough Whitlam. Australia
47%
Annexation threats by Donald Trump. Greenland
47%
Bush administration's displeasure of a government formed by Hamas which won 56% of the seats. Palestine
47%
CIA backed coup to Overthrow Goukouni Oueddi. Chad
41%
US supported military aid during Operation Lotus. East Timor
41%
Liberated from the Reichskommissariat. Netherlands
41%
Liberated from the Reichskommissariat. Belgium
35%
Velvet Revolution. Czechoslovakia
35%
CIA backed coup that assassinated Ngo Dinh Diem and Ngo Dinh Nhu. South Vietnam
29%
The Overthrow of Queen Lili'uokalani. Kingdom of Hawaii
24%
US active support for Otpor. Yugoslavia
24%
During the Mexican-American War, the United States annexed this rebellious state Republic of Texas
18%
During the Mexican-American War, the United States seized this state. Alta California
12%
US provided aid to opposition leaders in the Tulip Revolution. Kyrgyzstan
12%
The Overthrow of Francisco I. Madero. Veracruz
12%
US covert support for a "new generation of African leaders" and support for Rwanda. Zaire
12%
Failed CIA assassination attempt on Patrice Lumumba. First Congolese Republic
6%
Helped Emilio Aguinaldo fight against Spain. Philippine Republic
6%
The Overthrow of Miguel Malvar. Philippine Republic
6%
The Overthrow of Malietoa Laupepa and Mata'afa Iosefo. Samoan Islands
6%
No matching quizzes found
Score Distribution
Percent of People with Each Score
Percentile by Number Answered
Your Score History
You have not taken this quiz